[Event "EU-ch 19th"]
[Site "Batumi"]
[Date "2018.03.17"]
[Round "1"]
[White "Repka, Christopher"]
[Black "Vardanian, Hamazasp"]
[Result "1-0"]
[WhiteElo "2524"]
[BlackElo "2109"]
[PlyCount "51"]
[EventDate "2018.03.17"]
[EventType "swiss"]
[EventRounds "11"]
[EventCountry "GEO"]
[SourceTitle "CBM 184"]
[Source "ChessBase"]
[SourceDate "2018.05.16"]
[SourceVersion "1"]
[SourceVersionDate "2018.05.16"]
[SourceQuality "1"]

1. Nf3 f5 2. d3 g6 3. e4 d6 4. h4 h6 5. Nc3 Nf6 6. e5 Ng4 7. Bf4 Bg7 8. d4 0-0 9. Bc4+ e6 10. Bb3 d5 11. Ne2 c5 12. c4 dxc4 13. Bxc4 Nc6 14. 0-0 cxd4 15. Nexd4 Nxd4 16. Qxd4 Qxd4 17. Nxd4 Bxe5 18. Bxe5 Nxe5 19. Bb3 Nd3 20. Rad1 Nc5 21. Bc4 a5 22. Rfe1 Kf7 23. h5 gxh5 24. Re5 b6 25. Rxf5+ Kg7 26. Rxh5 1-0

[Event "EU-ch 15th"]
[Site "Yerevan"]
[Date "2014.03.12"]
[Round "9"]
[White "Vardanian, Hamazasp"]
[Black "Danielyan, Vahe"]
[Result "0-1"]
[WhiteElo "2138"]
[BlackElo "1919"]
[PlyCount "80"]
[EventDate "2014.03.03"]
[EventType "swiss"]
[EventRounds "11"]
[EventCountry "ARM"]
[SourceTitle "CBM 160"]
[Source "ChessBase"]
[SourceDate "2014.05.15"]
[SourceVersion "1"]
[SourceVersionDate "2014.05.15"]
[SourceQuality "1"]

1. c4 e5 2. Nc3 Nc6 3. g3 g6 4. Bg2 Bg7 5. e3 d6 6. Nge2 h5 7. h4 Nge7 8. d3 Bf5 9. b3 Qd7 10. Bb2 Nb4 11. e4 Bg4 12. f3 Be6 13. a3 Na6 14. d4 f5 15. d5 Bf7 16. Qc2 c5 17. dxc6 bxc6 18. 0-0 g5 19. Rad1 f4 20. hxg5 h4 21. gxf4 h3 22. Bh1 h2+ 23. Kf2 Qh3 24. f5 Qh4+ 25. Ng3 Rd8 26. f6 Bxf6 27. gxf6 Ng6 28. Nce2 Nf4 29. Ke1 Nxe2 30. Qxe2 Qxg3+ 31. Qf2 Qxf2+ 32. Rxf2 Nc5 33. b4 Na4 34. c5 Rg8 35. Ba1 Rg1+ 36. Rf1 Bc4 37. Kf2 Bxf1 38. Rxf1 dxc5 39. Bxe5 Rd2+ 40. Ke1 Rc2 0-1

[Event "EU-ch 15th"]
[Site "Yerevan"]
[Date "2014.03.11"]
[Round "8"]
[White "Hoghmrtsyan, Artur"]
[Black "Vardanian, Hamazasp"]
[Result "1-0"]
[WhiteElo "1878"]
[BlackElo "2138"]
[PlyCount "91"]
[EventDate "2014.03.03"]
[EventType "swiss"]
[EventRounds "11"]
[EventCountry "ARM"]
[SourceTitle "CBM 160"]
[Source "ChessBase"]
[SourceDate "2014.05.15"]
[SourceVersion "1"]
[SourceVersionDate "2014.05.15"]
[SourceQuality "1"]

1. e4 e6 2. d4 d5 3. Nd2 c5 4. exd5 Qxd5 5. Ngf3 cxd4 6. Bc4 Qd6 7. 0-0 Nf6 8. Nb3 Nc6 9. Nbxd4 Nxd4 10. Nxd4 a6 11. a4 Qc7 12. Bb3 Bd6 13. h3 Bd7 14. c3 e5 15. Ne2 0-0 16. Be3 Ne4 17. Bd5 Bc6 18. a5 Bc5 19. Bxc5 Nxc5 20. Bxc6 Qxc6 21. Qc2 f5 22. b4 Ne4 23. c4 f4 24. f3 Nd6 25. c5 Nf5 26. Qa2+ Kh8 27. Nc3 Rad8 28. Rfd1 Ne3 29. Rd2 Rde8 30. Rd6 Qc8 31. Ne4 Re7 32. Re1 h6 33. Re2 Nf5 34. Rd5 Nd4 35. Re1 Qe6 36. Nc3 Qf6 37. Qf2 Nc6 38. Rd6 Qf5 39. Qb2 Qg5 40. Ne4 Qh4 41. Red1 g5 42. Nf2 Rff7 43. Qb1 Rg7 44. Ng4 h5 45. Nf6 Rgf7 46. Qg6 1-0

[Event "EU-ch 15th"]
[Site "Yerevan"]
[Date "2014.03.10"]
[Round "7"]
[White "Vardanian, Hamazasp"]
[Black "Mkrtchyan, Sargis R"]
[Result "1-0"]
[WhiteElo "2138"]
[BlackElo "1909"]
[PlyCount "77"]
[EventDate "2014.03.03"]
[EventType "swiss"]
[EventRounds "11"]
[EventCountry "ARM"]
[SourceTitle "CBM 160"]
[Source "ChessBase"]
[SourceDate "2014.05.15"]
[SourceVersion "1"]
[SourceVersionDate "2014.05.15"]
[SourceQuality "1"]

1. e4 e5 2. Nf3 Nc6 3. Nc3 Nf6 4. d4 Bb4 5. d5 Ne7 6. Nxe5 d6 7. Nf3 Nxe4 8. Qd4 Nxc3 9. bxc3 Ba5 10. Qxg7 Rg8 11. Qd4 Nxd5 12. Bd2 Be6 13. g3 Rg4 14. Qd3 Qe7 15. 0-0-0 0-0-0 16. Nd4 Kb8 17. f4 c5 18. Nxe6 fxe6 19. Bg2 Qg7 20. Bxd5 exd5 21. Kb2 Rc8 22. Qxd5 Rc6 23. Rhe1 a6 24. Re3 Rb6+ 25. Kc1 Bb4 26. Be1 Ba3+ 27. Kd2 Bb2 28. Ke2 Qh6 29. h4 Rg7 30. Re6 Rg6 31. Re8+ Ka7 32. Qf5 Qg7 33. Qc8 Rc6 34. Qb8+ Kb6 35. Rb1 Re6+ 36. Rxe6 Qg4+ 37. Kf2 Qxe6 38. Rxb2+ Ka5 39. Qxb7 1-0